00706nam a2200241 a 4500001001300000003000900013005001700022008004100039020001000080082001500090100002600105245001900131260002400150300000800174500003500182505003600217650002500253700002600278902000800304942000700312952012800319999001700447nice12345678IN_TiNIC20260116013449.0050524s1991 raba grp 000 0 eng  ac10000a297.5bSAO aSaoud, Adelwahab Tazi aIslamic Morals aRabatbIsescoc1991 a00p aincludes index and biblioraphy2 aThe case of the satanic verses. aIslam-Moral Theology1 aSaoud, Adelwahab Tazi bSRS cBK 001040708StackRoom-aHMIbHMId2007-07-04g100.00l1o297.5 SAOp015612r2018-10-24s2018-10-15v100.00w2005-05-24yBK c11083d11083